00218nam a2200097Ia 4500082001300000245001500013100002500028942000700053008004100060999001900101 aEJF SEUS 0aThe Lorax  a SEUSS, Dr 9106814 cBK210825s9999 xx 000 0 und d c522043d522042